| 000 | 01558nam a2200457 i 4500 | ||
|---|---|---|---|
| 001 | 1347 | ||
| 003 | KOSZ 005 | ||
| 005 | 20240405062947.0 | ||
| 008 | 950505s1979 pl f |000 0 pol d | ||
| 020 | _a832132939X | ||
| 040 |
_cKOSZ 005 _aKOSZ 005 _dKOSZ 005/HR |
||
| 041 | _apol | ||
| 045 | _ad1979 | ||
| 046 | _k1979 | ||
| 080 | _a349.442(438) | ||
| 080 | _a69-047.64(438) | ||
| 080 | _a(083.1) | ||
| 245 | 0 |
_aPoradnik techniczno-prawny inwestora : _bpraca zbiorowa / _cpod red. Andrzeja Śliwowskiego i Stefana Mizery ; aut. Tadeusz Bratkowski [et al.] ; Polski Związek Inżynierów i Techników Budownictwa. |
|
| 260 |
_aWarszawa : _b"Arkady", _c1979. |
||
| 300 |
_a431,, [1] s., [2] k. tabl. ; _c21 cm. |
||
| 336 |
_2rdacontent _aTekst _btxt |
||
| 337 |
_2rdamedia _aBez urządzenia pośredniczącego _bn |
||
| 338 |
_2rdacarrier _aWolumin _bnc |
||
| 380 | _aKsiążki | ||
| 380 | _aPublikacje fachowe | ||
| 388 | _a1901-2000 | ||
| 388 | _a1945-1989 | ||
| 648 | 4 | _a1901-2000 | |
| 648 | 4 | _a1945-1989 | |
| 650 | 4 | _aPrawo budowlane | |
| 650 | 4 | _aNadzór budowlany | |
| 651 | 4 | _aPolska | |
| 655 | _aPoradnik | ||
| 658 | _aArchitektura i budownictwo | ||
| 658 | _aPrawo i wymiar sprawiedliwości | ||
| 700 | 1 |
_aŚliwowski, Andrzej. _eRedakcja |
|
| 700 | 1 |
_aMizera, Stefan. _eRedakcja |
|
| 700 | 1 |
_aBratkowski, Tadeusz _d(1936- ) _eAutor |
|
| 856 |
_uhttp://koha.tu.koszalin.pl/cgi-bin/koha/opac-detail.pl?biblionumber=1347 _yKatalog online BPK |
||
| 942 |
_cKS _2UKD |
||
| 999 |
_c1347 _d1347 |
||